Enterprise Resource Planning (Record no. 164305)
[ view plain ]
| 000 -LEADER | |
|---|---|
| fixed length control field | 00376nam a22001577a 4500 |
| 003 - CONTROL NUMBER IDENTIFIER | |
| control field | OSt |
| 020 ## - INTERNATIONAL STANDARD BOOK NUMBER | |
| International Standard Book Number | 9788131505939 |
| 020 ## - INTERNATIONAL STANDARD BOOK NUMBER | |
| International Standard Book Number | 8131505936 |
| 082 ## - DEWEY DECIMAL CLASSIFICATION NUMBER | |
| Classification number | 352.266 |
| Item number | ASH/EN |
| 100 ## - MAIN ENTRY--PERSONAL NAME | |
| Personal name | Ashim Raj Singla |
| 245 ## - TITLE STATEMENT | |
| Title | Enterprise Resource Planning |
| 260 ## - PUBLICATION, DISTRIBUTION, ETC. (IMPRINT) | |
| Place of publication, distribution, etc | New Delhi |
| Name of publisher, distributor, etc | Cengage Learning India Pvt. Ltd. |
| Date of publication, distribution, etc | 2008 |
| 300 ## - PHYSICAL DESCRIPTION | |
| Extent | 288p. |
| 546 ## - LANGUAGE | |
| Language note | English |
| 942 ## - ADDED ENTRY ELEMENTS (KOHA) | |
| Source of classification or shelving scheme | Dewey Decimal Classification |
| Koha item type | Books (General) |
| Lost status | Source of classification or shelving scheme | Damaged status | Not for loan | Collection code | Home library | Current library | Shelving location | Date acquired | Total Checkouts | Full call number | Barcode | Date last seen | Koha item type |
|---|---|---|---|---|---|---|---|---|---|---|---|---|---|
| Dewey Decimal Classification | General | KAU Central Library, Thrissur | KAU Central Library, Thrissur | General | 11/06/2019 | 352.266 ASH/EN | 810587 | 11/06/2019 | Books (General) |
